| 000 | 01155nam a22002417a 4500 | ||
|---|---|---|---|
| 008 | 140828t mx||||| |||| 00| 0 spa d | ||
| 020 | _a9681205626 | ||
| 050 | 0 | 4 |
_aPQ7081 .A1 _bI57 1994 |
| 050 | 0 | 4 |
_aPQ7081 .A1 _bC65 1994 |
| 111 | 2 |
_aCongreso Internacional de Literatura Iberoamericana _d28 : 1990 _cBrown University |
|
| 245 | 0 | 0 |
_aConquista y contraconquista : _bla escritura del Nuevo Mundo : actas del XXVIII Congreso del Instituto Internacional de Literatura Iberoamericana / _cJulio Ortega y José Amor y Vázquez, editores ; Rafael Olea Franco, colaborador |
| 250 | _a1a ed. | ||
| 260 |
_aMéxico, D. F. : _bColegio de México ; Providence, R. I., USA : Brow University, _c1994 |
||
| 300 |
_a667 p. ; _c22 cm. |
||
| 504 | _aIncluye referencias bibliogáficas e índice | ||
| 650 | 7 |
_aLiteratura latinoamericana _xHistoria y crítica _vCongreso _2LEMB |
|
| 650 | 7 |
_aLiteratura y sociedad _zAmérica Latina _vCongresos _2LEMB |
|
| 651 | 7 |
_aAmérica Latina en la literatura _vCongresos _2LEMB |
|
| 700 | 1 |
_aOrtega, Julio, _d1942 _qed. |
|
| 700 | 1 |
_aAmor y Vázquez, José, _qed. |
|
| 700 | 1 |
_aOlea Franco, Rafael _qcolab. |
|
| 942 |
_2lcc _cLIB |
||
| 999 |
_c77568 _d77568 |
||